<?xml version="1.0" encoding="UTF-8"?>
<record
    xmlns:xsi="http://www.w3.org/2001/XMLSchema-instance"
    xsi:schemaLocation="http://www.loc.gov/MARC21/slim http://www.loc.gov/standards/marcxml/schema/MARC21slim.xsd"
    xmlns="http://www.loc.gov/MARC21/slim">

  <leader>02679    a2200337   4500</leader>
  <controlfield tag="003">NALT</controlfield>
  <controlfield tag="005">20251028102337.0</controlfield>
  <controlfield tag="008">250610b        th ||||| |||| 00| 0 tha d</controlfield>
  <datafield tag="020" ind1=" " ind2=" ">
    <subfield code="a">9786162877346</subfield>
  </datafield>
  <datafield tag="040" ind1=" " ind2=" ">
    <subfield code="a">NALT</subfield>
  </datafield>
  <datafield tag="041" ind1="1" ind2=" ">
    <subfield code="a">tha</subfield>
    <subfield code="h">eng</subfield>
  </datafield>
  <datafield tag="050" ind1=" " ind2=" ">
    <subfield code="a">BF 637.N4</subfield>
    <subfield code="b">&#xE27;371&#xE08; 2567</subfield>
  </datafield>
  <datafield tag="100" ind1="1" ind2=" ">
    <subfield code="a">&#xE27;&#xE2D;&#xE2A;&#xE2A;&#xE4C;, &#xE04;&#xE23;&#xE34;&#xE2A;.</subfield>
    <subfield code="9">66008</subfield>
  </datafield>
  <datafield tag="245" ind1="1" ind2="0">
    <subfield code="a">&#xE08;&#xE34;&#xE15;&#xE27;&#xE34;&#xE17;&#xE22;&#xE32;&#xE15;&#xE48;&#xE2D;&#xE23;&#xE2D;&#xE07; : &#xE08;&#xE30;&#xE15;&#xE49;&#xE2D;&#xE07;&#xE1E;&#xE39;&#xE14;&#xE41;&#xE25;&#xE30;&#xE17;&#xE33;&#xE2D;&#xE30;&#xE44;&#xE23;&#xE43;&#xE19;&#xE01;&#xE32;&#xE23;&#xE15;&#xE48;&#xE2D;&#xE23;&#xE2D;&#xE07;&#xE17;&#xE35;&#xE48;&#xE41;&#xE1E;&#xE49;&#xE44;&#xE21;&#xE48;&#xE44;&#xE14;&#xE49; =</subfield>
    <subfield code="b">Never split the difference /</subfield>
    <subfield code="c">Chris Voss with Tahl Raz ; &#xE1C;&#xE39;&#xE49;&#xE41;&#xE1B;&#xE25;, &#xE19;&#xE34;&#xE15;&#xE34; &#xE0A;&#xE19;&#xE20;&#xE31;&#xE13;&#xE11;&#xE32;&#xE23;&#xE31;&#xE01;&#xE29;&#xE4C;</subfield>
  </datafield>
  <datafield tag="246" ind1="1" ind2="4">
    <subfield code="a">Never split the difference.</subfield>
  </datafield>
  <datafield tag="260" ind1=" " ind2=" ">
    <subfield code="a">&#xE01;&#xE23;&#xE38;&#xE07;&#xE40;&#xE17;&#xE1E;&#xE2F; :</subfield>
    <subfield code="b">&#xE27;&#xE35;&#xE40;&#xE25;&#xE34;&#xE23;&#xE4C;&#xE19;,</subfield>
    <subfield code="c">2567.</subfield>
  </datafield>
  <datafield tag="300" ind1=" " ind2=" ">
    <subfield code="a">332 &#xE2B;&#xE19;&#xE49;&#xE32; ;</subfield>
    <subfield code="c">21 &#xE0B;&#xE21;.</subfield>
  </datafield>
  <datafield tag="500" ind1=" " ind2=" ">
    <subfield code="a">&#xE41;&#xE1B;&#xE25;&#xE08;&#xE32;&#xE01; Never split the difference : negotiating as if your life depended on it.</subfield>
  </datafield>
  <datafield tag="505" ind1="2" ind2=" ">
    <subfield code="a">&#xE1A;&#xE17;&#xE17;&#xE35;&#xE48; 1 &#xE01;&#xE0E;&#xE43;&#xE2B;&#xE21;&#xE48; -- &#xE1A;&#xE17;&#xE17;&#xE35;&#xE48; 2 &#xE08;&#xE07;&#xE17;&#xE33;&#xE15;&#xE31;&#xE27;&#xE40;&#xE1B;&#xE47;&#xE19;&#xE01;&#xE23;&#xE30;&#xE08;&#xE01; -- &#xE1A;&#xE17;&#xE17;&#xE35;&#xE48; 3 &#xE15;&#xE23;&#xE30;&#xE2B;&#xE19;&#xE31;&#xE01;&#xE16;&#xE36;&#xE07;&#xE04;&#xE27;&#xE32;&#xE21;&#xE40;&#xE08;&#xE47;&#xE1A;&#xE1B;&#xE27;&#xE14;&#xE22;&#xE31;&#xE07;&#xE44;&#xE21;&#xE48;&#xE1E;&#xE2D; &#xE15;&#xE49;&#xE2D;&#xE07;&#xE41;&#xE1B;&#xE30;&#xE1B;&#xE49;&#xE32;&#xE22;&#xE43;&#xE2B;&#xE49;&#xE21;&#xE31;&#xE19;&#xE14;&#xE49;&#xE27;&#xE22; -- &#xE1A;&#xE17;&#xE17;&#xE35;&#xE48; 4 &#xE08;&#xE07;&#xE23;&#xE30;&#xE27;&#xE31;&#xE07;&#xE04;&#xE33;&#xE27;&#xE48;&#xE32; "&#xE43;&#xE0A;&#xE48;" &#xE41;&#xE25;&#xE30;&#xE23;&#xE31;&#xE1A;&#xE21;&#xE37;&#xE2D;&#xE04;&#xE33;&#xE27;&#xE48;&#xE32; "&#xE44;&#xE21;&#xE48;" &#xE2D;&#xE22;&#xE48;&#xE32;&#xE07;&#xE40;&#xE0A;&#xE35;&#xE48;&#xE22;&#xE27;&#xE0A;&#xE32;&#xE0D; -- &#xE1A;&#xE17;&#xE17;&#xE35;&#xE48; 5 &#xE01;&#xE23;&#xE30;&#xE15;&#xE38;&#xE49;&#xE19;&#xE43;&#xE2B;&#xE49;&#xE2D;&#xE35;&#xE01;&#xE1D;&#xE48;&#xE32;&#xE22;&#xE1E;&#xE39;&#xE14;&#xE04;&#xE33;&#xE17;&#xE35;&#xE48;&#xE08;&#xE30;&#xE40;&#xE1B;&#xE25;&#xE35;&#xE48;&#xE22;&#xE19;&#xE17;&#xE34;&#xE28;&#xE17;&#xE32;&#xE07;&#xE01;&#xE32;&#xE23;&#xE40;&#xE08;&#xE23;&#xE08;&#xE32;&#xE43;&#xE19;&#xE1E;&#xE23;&#xE34;&#xE1A;&#xE15;&#xE32; -- &#xE1A;&#xE17;&#xE17;&#xE35;&#xE48; 6 &#xE1A;&#xE34;&#xE14;&#xE40;&#xE1A;&#xE37;&#xE2D;&#xE19;&#xE04;&#xE27;&#xE32;&#xE21;&#xE40;&#xE1B;&#xE47;&#xE19;&#xE08;&#xE23;&#xE34;&#xE07;&#xE02;&#xE2D;&#xE07;&#xE2D;&#xE35;&#xE01;&#xE1D;&#xE48;&#xE32;&#xE22; -- &#xE1A;&#xE17;&#xE17;&#xE35;&#xE48; 7 &#xE17;&#xE33;&#xE43;&#xE2B;&#xE49;&#xE2D;&#xE35;&#xE01;&#xE1D;&#xE48;&#xE32;&#xE22;&#xE2B;&#xE25;&#xE07;&#xE04;&#xE34;&#xE14;&#xE27;&#xE48;&#xE32;&#xE15;&#xE31;&#xE27;&#xE40;&#xE2D;&#xE07;&#xE21;&#xE35;&#xE2D;&#xE33;&#xE19;&#xE32;&#xE08;&#xE04;&#xE27;&#xE1A;&#xE04;&#xE38;&#xE21; -- &#xE1A;&#xE17;&#xE17;&#xE35;&#xE48; 8 &#xE27;&#xE34;&#xE18;&#xE35;&#xE23;&#xE31;&#xE1A;&#xE1B;&#xE23;&#xE30;&#xE01;&#xE31;&#xE19;&#xE27;&#xE48;&#xE32;&#xE2D;&#xE35;&#xE01;&#xE1D;&#xE48;&#xE32;&#xE22;&#xE08;&#xE30;&#xE17;&#xE33;&#xE15;&#xE32;&#xE21;&#xE02;&#xE49;&#xE2D;&#xE15;&#xE01;&#xE25;&#xE07; -- &#xE1A;&#xE17;&#xE17;&#xE35;&#xE48; 9 &#xE15;&#xE48;&#xE2D;&#xE23;&#xE2D;&#xE07;&#xE23;&#xE32;&#xE04;&#xE32;&#xE43;&#xE2B;&#xE49;&#xE2B;&#xE19;&#xE31;&#xE01; -- &#xE1A;&#xE17;&#xE17;&#xE35;&#xE48; 10 &#xE04;&#xE49;&#xE19;&#xE2B;&#xE32;&#xE2B;&#xE07;&#xE2A;&#xE4C;&#xE14;&#xE33;.</subfield>
  </datafield>
  <datafield tag="650" ind1=" " ind2="4">
    <subfield code="a">&#xE01;&#xE32;&#xE23;&#xE40;&#xE08;&#xE23;&#xE08;&#xE32;&#xE15;&#xE48;&#xE2D;&#xE23;&#xE2D;&#xE07;</subfield>
    <subfield code="9">28432</subfield>
  </datafield>
  <datafield tag="650" ind1=" " ind2="4">
    <subfield code="a">&#xE01;&#xE32;&#xE23;&#xE40;&#xE08;&#xE23;&#xE08;&#xE32;&#xE15;&#xE48;&#xE2D;&#xE23;&#xE2D;&#xE07;&#xE17;&#xE32;&#xE07;&#xE18;&#xE38;&#xE23;&#xE01;&#xE34;&#xE08; </subfield>
    <subfield code="9">41157</subfield>
  </datafield>
  <datafield tag="700" ind1="1" ind2=" ">
    <subfield code="a">Voss, Chris</subfield>
    <subfield code="9">66192</subfield>
  </datafield>
  <datafield tag="700" ind1="1" ind2=" ">
    <subfield code="a">Raz, Tahl</subfield>
    <subfield code="9">66193</subfield>
  </datafield>
  <datafield tag="700" ind1="1" ind2=" ">
    <subfield code="a">&#xE23;&#xE32;&#xE0A;, &#xE17;&#xE32;&#xE2B;&#xE4C;&#xE25;</subfield>
    <subfield code="9">66195</subfield>
  </datafield>
  <datafield tag="700" ind1="0" ind2=" ">
    <subfield code="a">&#xE19;&#xE34;&#xE15;&#xE34; &#xE0A;&#xE19;&#xE20;&#xE31;&#xE13;&#xE11;&#xE32;&#xE23;&#xE31;&#xE01;&#xE29;&#xE4C; </subfield>
    <subfield code="9">66194</subfield>
  </datafield>
  <datafield tag="942" ind1=" " ind2=" ">
    <subfield code="c">GB</subfield>
    <subfield code="2">lcc</subfield>
  </datafield>
  <datafield tag="996" ind1=" " ind2=" ">
    <subfield code="a">jidapa.t</subfield>
    <subfield code="b">ACQSTF</subfield>
    <subfield code="c">2025-06-10</subfield>
  </datafield>
  <datafield tag="996" ind1=" " ind2=" ">
    <subfield code="a">varee.k</subfield>
    <subfield code="b">LIBSTF</subfield>
    <subfield code="c">2025-06-19</subfield>
  </datafield>
  <datafield tag="996" ind1=" " ind2=" ">
    <subfield code="a">saiphon.d</subfield>
    <subfield code="b">CATSTF	</subfield>
    <subfield code="c">2025-06-25</subfield>
  </datafield>
  <datafield tag="999" ind1=" " ind2=" ">
    <subfield code="c">106876</subfield>
    <subfield code="d">106876</subfield>
  </datafield>
  <datafield tag="998" ind1=" " ind2=" ">
    <subfield code="j">111</subfield>
    <subfield code="k"> &#xE19;&#xE32;&#xE07;&#xE2A;&#xE32;&#xE27;&#xE1E;&#xE08;&#xE1E;&#xE34;&#xE13;  &#xE1E;&#xE23;&#xE21;&#xE40;&#xE2D;&#xE35;&#xE48;&#xE22;&#xE21;</subfield>
  </datafield>
  <datafield tag="952" ind1=" " ind2=" ">
    <subfield code="0">0</subfield>
    <subfield code="1">0</subfield>
    <subfield code="2">lcc</subfield>
    <subfield code="4">0</subfield>
    <subfield code="7">0</subfield>
    <subfield code="8">CGBL</subfield>
    <subfield code="a">NALT</subfield>
    <subfield code="b">NALT</subfield>
    <subfield code="c">GEN</subfield>
    <subfield code="d">2025-06-05</subfield>
    <subfield code="e">192</subfield>
    <subfield code="l">3</subfield>
    <subfield code="m">1</subfield>
    <subfield code="o">BF 637.N4 &#xE27;371&#xE08; 2567</subfield>
    <subfield code="p">3961215395</subfield>
    <subfield code="r">2025-11-11 00:00:00</subfield>
    <subfield code="s">2025-10-28</subfield>
    <subfield code="w">2025-06-05</subfield>
    <subfield code="y">GB</subfield>
  </datafield>
</record>
